| 000 | 00733nam a22002417a 4500 | ||
|---|---|---|---|
| 005 | 20170124110257.0 | ||
| 010 | _aA-704198 | ||
| 020 |
_a8185880646 _c00.00 |
||
| 035 | _aA-704198 | ||
| 037 | _bCen Lib/Ret | ||
| 040 |
_aDPL _bEN |
||
| 082 |
_a954 _bMIT |
||
| 100 |
_aMittal, S.C. _9142010 |
||
| 245 |
_aIndai distorted : _cby S.C. Mittal _ba study of british histrians on india / |
||
| 246 | _b | ||
| 260 |
_bM D Pulbications Pvt Ltd _c1995 _aNew Delhi |
||
| 270 |
_aM D House 11 Darya Ganj _bNew Delhi _e110002 |
||
| 300 |
_av 1. 153p. _c21cm(Hb) |
||
| 500 | _aincludes bibliography | ||
| 650 |
_aHistory _z Ancient India _946983 |
||
| 650 |
_aCultural Heritages _9142011 |
||
| 942 |
_2ddc _cEN _h954 _mMIT |
||
| 999 |
_c136314 _d136314 |
||